Šlabikár Lipka pre 1. ročník ZŠ 2. časť

Bibliographic Details
Main Authors: Nemčíková, Margita (Author), Nemčík, Ján (Author)
Other Authors: Dicová-Ondrejková, Jarmila, 1940- (Illustrator)
Format: Book
Language:Slovak
PhysicalDescription:112 s. ilustr. 24 cm
Published: Bratislava Slovenské pedagogické nakladateľstvo 2000
ISBN:8008030380
Edition:2. vyd.
Subjects:

MARC

LEADER 00000nam a2200000 a 4500
001 vtls001386137
003 SK-MaSNL
005 20260301161507.0
008 240314s2000 xo a brp 000 0 slo
015 |a SNBA2000/06-02103 
020 |a 8008030380  |q (brož.) 
035 |a SNK000340289 
035 |a urn:nbn:sk:snk-amkkwk 
035 |a urn:nbn:sk:snk-am003c3w 
035 |a 63BD3669-1BB9-424D-98A3-70705EAC9EA6 
040 |a SNK  |b slo  |c SNK  |e AACR2 
041 0 |a slo 
044 |a xo  |c SK 
072 7 |a 37.016  |x Učebné osnovy. Vyučovacie predmety. Učebnice  |2 konspekt 
080 |a 37.016:028-028.31  |2 2011 
080 |a (075.2)  |2 2011 
100 1 |a Nemčíková, Margita  |4 aut  |9 7427 
245 1 0 |a Šlabikár Lipka pre 1. ročník ZŠ  |n 2. časť  |c Margita Nemčíková, Ján Nemčík 
250 |a 2. vyd. 
260 |a Bratislava  |b Slovenské pedagogické nakladateľstvo  |c 2000 
300 |a 112 s.  |b ilustr.  |c 24 cm 
650 0 7 |a čítanie  |2 SNKPH  |9 1654 
650 0 7 |a Reading  |2 SNKPHeng  |9 276976 
655 7 |a učebnice základných škôl  |2 SNKPH  |9 70187 
655 7 |a Elementary school textbooks  |2 SNKPHeng  |9 330596 
700 1 |a Nemčík, Ján  |4 aut  |9 10959 
700 1 |a Dicová-Ondrejková, Jarmila,  |d 1940-  |4 ill  |9 98160 
919 |a 80-08-03038-0 
958 |a TL 
958 |a UX 
999 |c 809661  |d 811591 
952 |t P60, <09>, [BOOK], {629}  |a SNK  |b SNK  |y NEVYP  |7 0  |o snkC 240  |i snk501/20000403  |0 0  |1 0  |4 0  |d 2000-03-31  |l 0  |r 2005-01-02 00:00:00  |w 2026-02-24 
952 |t P60, <03>, [BOOK], {603}  |a SNK  |b SNK  |y PREZ  |7 0  |p 17A0234444  |o snkSC 99804/2  |i snkKSP 3598/2000  |0 0  |1 0  |4 0  |d 2000-03-31  |f 1  |l 0  |r 2025-09-19 00:00:00  |w 2026-02-24 
952 |t P60, <04>, [BOOK], {604}  |a SNK  |b SNK  |y VYP  |7 0  |p 17A0234445  |o snkSC 99804/2 D1  |i snkKSP 3599/2000  |0 0  |1 0  |4 0  |d 2000-03-31  |l 0  |r 2005-01-02 00:00:00  |w 2026-02-24